Soil pollution : (Registro nro. 22005)

Detalles MARC
000 -Cabecera
Campo de control interno 00830nam a2200265Ia 4500
005 - Fecha y hora del registro
control field 20260320113333.0
008 - Elementos de Longitud Fija
fixed length control field 260320s9999||||xx |||||||||||||| ||und||
020 ## - ISBN
ISBN 9783642089688
041 ## - Idioma
Codigo Idioma Inglés
082 ## - DEWEY y NOTACIÓN INTERNA
Dewey 628.55
Notación Interna M63
100 ## - AUTOR
Autor denominación Mirsal, Ibrahim A.,
Término de relación autor
245 #0 - TÍTULO DE MATERIAL BIBLIOGRÁFICO
Título Soil pollution :
Título paralelo origin, monitoring & remediation
246 ## - TÍTULO TRADUCIDO
Título
Título paralelo
Autor
250 ## - EDICIÓN
Edición Second edition
260 ## - CIUDAD, EDITORIAL, AÑO
Ciudad Berlin :
Nombre de la Editorial Springer,
Año 2008
300 ## - DESCRIPCIÓN
N° Páginas xv, 312 páginas :
Otros detalles ilustraciones, fotografías, tablas ;
Dimensiones 23 cm.
Material Adicional
440 ## - MENCIÓN DE SERIE
Título de la Serie
Número de Serie
Volumen de Serie
650 ## - TEMAS
Temas Tecnología (Ciencias Aplicadas)
653 ## - DESCRIPTORES
Lenguajes no controlado Ecología; Contaminación del suelo
654 ## - PROGRAMAS
Programa Dpto. de Ingeniería Ambiental
700 ## - OTROS AUTORES
Otros autores
Títulos y otras palabras asociadas con el nombre
856 ## - URL - UBICACIÓN
URI/URL: Enlace exacto del recurso <a href="https://0u20fmv9o-y-https-research-ebsco-com.itmsp.museknowledge.com/c/qxo6us/search">https://0u20fmv9o-y-https-research-ebsco-com.itmsp.museknowledge.com/c/qxo6us/search</a>
Nota pública: Versión digital <a href="Véase además: Base de datos EBSCOhost">Véase además: Base de datos EBSCOhost</a>
942 ## - ELEMENTOS DE KOHA
Tipo de documento Libro
Nombre del creador Justo Noguera
Código de catalogador Margarita Torres
Esquema de clasificación Dewey Decimal Classification
Suppress in OPAC
Existencias
Codigo completo Registro Colección Copia número Disponibilidad Tipo de préstamo Biblioteca Actual Procedencia (Biblioteca) Ubicacón Fecha Ingreso Tipo de Adquisición Observación Date last seen Total checkouts Price effective from Tipo de Item Estado del Material Fuente de Clasificación Damaged status Withdrawn status
628.55 M63 1086574 Universidad Católica San Pablo 1 Disponible Disponible Víctor Andrés Belaunde Víctor Andrés Belaunde Segundo piso 10/03/2026 Compra Ingeniería Ambiental 20/03/2026   20/03/2026 Libro Bueno Dewey Decimal Classification